000 nam a22 a 4500
999 _c182694
_d182694
003 BLK
005 20230420102920.0
008 180411b bul|||||r ||||||| ||bul||
010 _aKNG00191619000
040 _aBLK
041 _aBUL
_cBUL
080 _aЛатинска (римска) литература
_b821.124
_x-1
_z821.124-1
100 1 _aОвидий Назон, Публий
_eпърви автор
_9363557
139 _aОвидий Назон, Публий
_bО 29
245 1 0 _aМетаморфози
_cПублий Овидий Назон; прев. от лат. Георги Петров Батаклиев.
257 _aDRR
260 _aСофия
_bНар. култура
_c1974
_fСофия : ДПК Д. Благоев
300 _a520 с.
_c21 см
380 _aX
490 _aБиблиотека Световна класика
_9201621
500 _aОриг. загл. Metamorphoses / Publius Ovidius Naso. Митол., ист. и геогр. бел. по собствените имена с. 347-513.
700 1 _aБатаклиев, Георги Петров
_eпрев. от лат.
_9367665
852 _aЦб 75057
_bЦб
856 4 _qpdf
_i0.00
_ldisable
856 4 _qpdf
_i0.00
_ldisable
942 _cKNG
_n0
_06
_s1
944 _aCR
_c05.10.2016
_lф /
_kВиолета_Тройчева
944 _aED
_c17.11.2016
_lф /
_kЛюдмила_Стоянова
999 _d182694
999 _d182694